| 000 | 00851nas a2200265 4500 | ||
|---|---|---|---|
| 001 | BR8003871 | ||
| 003 | BR-BrBNA | ||
| 005 | 20231205084341.0 | ||
| 007 | ta | ||
| 008 | 230509b bl.|||p| |||| 00| 00por d | ||
| 040 |
_aBR-BrBNA _bpor _cBiblioteca Nacional de Agricultura |
||
| 041 | _a(Pt) | ||
| 072 | _aP12; E30; E15 | ||
| 100 | 1 | _aReis, M.R. | |
| 245 | 1 | _aPossibilidades tecnicas e economicas da irrigacao no estado do Rio de Janeiro [Saccharum officinarum; Cana de acucar; Brasil] | |
| 650 | _aIRRIGACAO | ||
| 650 | _aDESENVOLVIMENTO AGRICOLA | ||
| 650 | _aPOLITICA DE DESENVOLVIMENTO | ||
| 650 | _aCANA DE ACUCAR | ||
| 650 | _aECONOMIA AGRICOLA | ||
| 650 | _aRIO DE JANEIRO | ||
| 773 | 0 |
_tLavoura (Brazil) _xISSN 0023-9135 _g(May 1980), v. 83 p. 22-23 _wBR8003871 |
|
| 909 |
_a202311 _bLúcia _c55 _dLúcia Elande |
||
| 942 |
_2AGRIS _n0 _cANA |
||
| 999 |
_c104653 _d104653 |
||